000 00677nam a2200241Ia 4500
003 OSt
005 20220918191650.0
006 a|||||r|||| 00| 0
007 ta
008 220917b |||||||| |||| 00| 0 eng d
024 _a64,561
037 _cTextual
040 _aARTS
_cARTS
_beng
041 _2eng
_aeng
082 _aO:2J64:90V3:5, J9
100 _aWilson John Dover
_954793
245 0 _aLife in Shakespeare's England
_b A book of Elizabethan prose
260 _c1959
490 _aPelican Books; A143
650 _aENGLISH LITERATURE; HISTORY
_976900
942 _hO:2J64:90V3:5, J9
_cTEXL
_2CC
999 _c190978
_d190978